University Home | Library Home | Institutional Repository

Information retrieval and machine translation (Record no. 120926)

MARC details
000 -LEADER
fixed length control field 00477cam a2200145 4500
008 - FIXED-LENGTH DATA ELEMENTS--GENERAL INFORMATION
fixed length control field 140325n 000 0 eng u
035 ## - SYSTEM CONTROL NUMBER
System control number (Sirsi) a183004
050 ## - LIBRARY OF CONGRESS CALL NUMBER
Classification number Z 667.5 INF 1960
245 ## - TITLE STATEMENT
Title Information retrieval and machine translation
Remainder of title volume III, part I /
Statement of responsibility, etc. edited by Allen Kent
260 ## - PUBLICATION, DISTRIBUTION, ETC.
Place of publication, distribution, etc. New York:
Name of publisher, distributor, etc. Interscience Publishers, Inc.,
Date of publication, distribution, etc. 1960.
300 ## - PHYSICAL DESCRIPTION
Extent xv, 686p.:
Other physical details ill.
504 ## - BIBLIOGRAPHY, ETC. NOTE
Bibliography, etc. note Includes an index
650 ## - SUBJECT ADDED ENTRY--TOPICAL TERM
Topical term or geographic name entry element Library Science
700 ## - ADDED ENTRY--PERSONAL NAME
Personal name Kent, Allen

No items available.

© 2026 - The University of Zambia Library - Koha v25.11